000 00383cam a2200145ua 4500
041 _aeng
_h
082 _a821
_bCLO/PO
100 _aClough, Arthur Hugh .
245 _aPoems of Arthur Hugh Clough /
_cArthur Hugh Clough.
_hTextual Documents
260 _aLondon :
_bOxford at the Clarendon Press ,
_c1951.
300 _a591 ; .
504 _a
942 _cBK
999 _c4971
_d4971